Вып. 127 : Подготовка топографических карт к изданию методом гравирования; Труды центрального научно-исследовательского института геодезии, аэросъемки и картографии

Detaylı Bibliyografya
Parent link:Труды центрального научно-исследовательского института геодезии, аэросъемки и картографии. Вып. 127 : Подготовка топографических карт к изданию методом гравирования.— , 1932-
Yazar: Бородин А. В.
Diğer Yazarlar: Колдаев П. К.
Dil:Rusça
Baskı/Yayın Bilgisi: 1958
Konular:
Materyal Türü: MixedMaterials Kitap
KOHA link:https://koha.lib.tpu.ru/cgi-bin/koha/opac-detail.pl?biblionumber=356860

MARC

LEADER 00000nam2a2200000 4500
001 356860
005 20231102010932.0
035 |a (RuTPU)RU\TPU\retro\14120 
035 |a RU\TPU\retro\14107 
090 |a 356860 
100 |a 20200724d1958 k y0rusy50 ca 
101 0 |a rus 
102 |a RU 
105 |a a z 001zy 
200 0 |a Вып. 127 : Подготовка топографических карт к изданию методом гравирования  |f А. В. Бородин, П. К. Колдаев 
210 |d 1958 
215 |a 60 с.  |c ил., карты 
320 |a Библиогр. в конце ст. 
461 1 |0 (RuTPU)RU\TPU\retro\13561  |t Труды центрального научно-исследовательского института геодезии, аэросъемки и картографии  |v Вып. 127 : Подготовка топографических карт к изданию методом гравирования  |d 1932- 
606 1 |a Геодезия прикладная  |2 stltpush  |3 (RuTPU)RU\TPU\subj\6026  |9 33992 
610 1 |a гравирование 
610 1 |a негативы 
610 1 |a инструменты 
610 1 |a принадлежности 
610 1 |a методика 
610 1 |a техника 
610 1 |a подготовка к изданию 
610 1 |a подготовка к испытанию 
675 |a 669.715  |v 4 
700 1 |a Бородин  |b А. В. 
701 1 |a Колдаев  |b П. К. 
801 1 |a RU  |b 63413507  |c 20160708 
801 2 |a RU  |b 63413507  |c 20200724  |g RCR 
942 |c BK